| 000 -LEADER |
| fixed length control field |
00707cam a2200193Ia 4500 |
| 020 ## - INTERNATIONAL STANDARD BOOK NUMBER |
| ISBN |
9789251062371 |
| 020 ## - INTERNATIONAL STANDARD BOOK NUMBER |
| ISBN |
9251062374 |
| 040 ## - CATALOGING SOURCE |
| Transcribing agency |
UMC |
| 082 ## - DEWEY DECIMAL CLASSIFICATION NUMBER |
| Classification number |
305 FOO 2009 A015 Or. |
| 100 1# - MAIN ENTRY--AUTHOR NAME |
| Personal name |
Acker, David |
| 245 10 - TITLE STATEMENT |
| Title |
Education for rural people : |
| Remainder of title |
the role of education, training and capacity development in poverty reduction and food security / |
| 260 ## - PUBLICATION, DISTRIBUTION, ETC. (IMPRINT) |
| Place of publication |
Rome : |
| Name of publisher |
Food and Agriculture Organization of the United Nations, |
| Year of publication |
2009 |
| 300 ## - PHYSICAL DESCRIPTION |
| Number of Pages |
xix, 130 p. : |
| Other physical details |
ill. (some col.) ; |
| Dimensions |
24 cm |
| 500 ## - GENERAL NOTE |
| General note |
Foreword by Jacques Diouf and Fanco Frattini |
| 650 #0 - SUBJECT ADDED ENTRY--TOPICAL TERM |
| Topical Term |
Education, Rural |
| 700 1# - ADDED ENTRY--PERSONAL NAME |
| Personal name |
Gasperini, Lavinia |
| 710 2# - ADDED ENTRY--CORPORATE NAME |
| Corporate name or jurisdiction name as entry element |
Food and Agriculture Organization of the United Nations |
| 942 ## - ADDED ENTRY ELEMENTS (KOHA) |
| Koha item type |
សៀវភៅភាសាអង់គ្លេស |
| 952 ## - LOCATION AND ITEM INFORMATION (KOHA) |
| Withdrawn status [LOCAL, KOHA] |
0 |
| 952 ## - LOCATION AND ITEM INFORMATION (KOHA) |
| Withdrawn status [LOCAL, KOHA] |
0 |